ARRUPE JESUIT UNIVERSITY

CORONAVIRUS -STOP THE SPREAD - CLEAN,DISINFECT,COVER

Teaching right and wrong : (Record no. 120661)

MARC details
000 -LEADER
fixed length control field 00925cam a22002655a 4500
001 - CONTROL NUMBER
control field 162340
003 - CONTROL NUMBER IDENTIFIER
control field ARRUPE
005 - DATE AND TIME OF LATEST TRANSACTION
control field 20140606165129.0
008 - FIXED-LENGTH DATA ELEMENTS--GENERAL INFORMATION
fixed length control field 980514s1997 enk 000 0 eng
010 ## - LIBRARY OF CONGRESS CONTROL NUMBER
LC control number 98150522
020 ## - INTERNATIONAL STANDARD BOOK NUMBER
International Standard Book Number 1858560845 (pbk.)
035 ## - SYSTEM CONTROL NUMBER
System control number (OCoLC)37880946
040 ## - CATALOGING SOURCE
Original cataloging agency SKA
Transcribing agency SKA
Modifying agency DLC
050 00 - LIBRARY OF CONGRESS CALL NUMBER
Classification number ACQUISITION IN PROCESS (COPIED)
300 ## - PHYSICAL DESCRIPTION
Dimensions 23 cm.
245 00 - TITLE STATEMENT
Title Teaching right and wrong :
Remainder of title moral education in the balance /
Statement of responsibility, etc edited by Richard Smith and Paul Standish.
260 ## - PUBLICATION, DISTRIBUTION, ETC. (IMPRINT)
Place of publication, distribution, etc Staffordshire, England :
Name of publisher, distributor, etc Trentham Books,
Date of publication, distribution, etc 1997.
300 ## - PHYSICAL DESCRIPTION
Extent xi, 157 p. ;
504 ## - BIBLIOGRAPHY, ETC. NOTE
Bibliography, etc Includes bibliographical references (p. 153-155) and index.
650 #0 - SUBJECT ADDED ENTRY--TOPICAL TERM
Topical term or geographic name as entry element Moral education.
9 (RLIN) 10714
700 1# - ADDED ENTRY--PERSONAL NAME
Personal name Smith, Richard
Fuller form of name (Richard D.)
9 (RLIN) 10715
700 1# - ADDED ENTRY--PERSONAL NAME
Personal name Standish, Paul,
Dates associated with a name 1949-
9 (RLIN) 10716
906 ## - LOCAL DATA ELEMENT F, LDF (RLIN)
a 0
b ibc
c orignew
d 3
e ncip
f 19
g y-gencatlg
942 ## - ADDED ENTRY ELEMENTS (KOHA)
Source of classification or shelving scheme Library of Congress Classification
Koha item type Monograph ( Printed materials)
Holdings
Withdrawn status Lost status Source of classification or shelving scheme Damaged status Not for loan Collection code Home library Current library Shelving location Date acquired Total Checkouts Full call number Barcode Date last seen Price effective from Koha item type
    Library of Congress Classification     Main Collection ARRUPE LIBRARY ARRUPE LIBRARY Main Collection 06/06/2014   LC268.T249 46500000618 28/06/2018 06/06/2014 Monograph ( Printed materials)

 

Arrupe Library. PO Box MP320 Mt Pleasant, Harare, Zimbabwe
263 242 745411|librarian@aju.ac.zw